| 000 | 00999nam a22002057a 4500 | ||
|---|---|---|---|
| 005 | 20240814173957.0 | ||
| 008 | eng d | ||
| 040 | _aNALT | ||
| 041 | _aeng | ||
| 100 | 0 | _aRobert, Henry M. | |
| 245 | 1 | 0 | _aParliamentary law |
| 260 | 3 |
_aNew York : _bAppleton Century crofts, _cn.d. |
|
| 300 |
_a588 p. : _b tables ; _c 22 cm. |
||
| 505 | 0 | _aPART I MOTIONS -- PART II DEBATE; VOTING; NOMINATIONS AND ELECTIONS -- PART III BOARDS AND COMMITTEES -- PART IV OFFICERS -- PART V MEMBERS; HONORARY OFFICERS AND MEMBERS; RESIGNA TIONS; DISCIPLINE; QUORUM; SESSIONS AND MEETINGS -- PART VI BY-LAWS AND OTHER RULES -- PART VII QUESTIONS AND ANSWERS FROM THE AUTHOR'S PARLIAMEN- TARY LAW CORRESPONDENCE -- PART VIII CHARTS AND VARIOUS LISTS OF MOTIONS ARRANGED FOR EAS REFERENCE; FORMS; DEFINITIONS -- INDEX. | |
| 650 | 0 | 4 | _aParliamentary practice |
| 850 | _aNALT | ||
| 942 |
_cLB _2lcc |
||
| 999 |
_c20857 _d20857 |
||
| 998 |
_j25 _k นีลวัสน์ อินทรักษา |
||
| 090 | _aKD217 R62P | ||